Widok standardowy
Widok MARC
Pozycja Topical Term
Liczba rekordów, w których użyto hasła: 1
001 - Numer kontrolny
- control field: 40459
003 - Identyfikator numeru kontrolnego
- control field: NUKAT
005 - Data i czas ostatniej modyfikacji
- control field: 20260424120251.0
008 - Dane kontrolne kodowane (40 znaków)
- fixed length control field: 980421 ||a|znnbabn |a ana |c
010 ## - Numer kontrolny Biblioteki Kongresu
- numer kontrolny LC: s 98053306
040 ## - Instytucja sporządzająca rekord
- inst. przygot. dane do rek. khw: WR U/DZ
- język haseł przedmiotowych/tezaurus: kaba
- inst. wprow. rek. khw: WA U/EP
083 #4 - DEWEY DECIMAL CLASSIFICATION NUMBER
- pojed. symbol lub pocz. z zakr. symboli: 900
- określenie wyjaśniające: Historia
150 ## - Hasło - nazwa pospolita
- nazwa posp. lub nazwa geogr. na pocz.: Biografie
- określnik chronologiczny: 20 w.
450 ## - Trop zob. - nazwa pospolita
- nazwa posp. lub nazwa geogr. na pocz.: Biographie
- określnik chronologiczny: 20e siècle [f]
450 ## - Trop zob. - nazwa pospolita
- nazwa posp. lub nazwa geogr. na pocz.: Biography
- określnik chronologiczny: 20th century [c]
450 ## - Trop zob. - nazwa pospolita
- nazwa posp. lub nazwa geogr. na pocz.: Dwudziesty wiek
- określnik formy: biografie.
450 ## - Trop zob. - nazwa pospolita
- nazwa posp. lub nazwa geogr. na pocz.: Historia powszechna
- określnik chronologiczny: 20 w.
- określnik formy: biografie.
670 ## - Źródło informacji
- źródło informacji: RAMEAU